Music Quiz

Random Music or Rock Quiz

Album to Artist ('90s) Quiz Stats

 Plays Quiz Updated Aug 18, 2012

Challenge
Share
Tweet
Embed
Score 0/50 Timer 06:00
5 Plays Today
% Correct
Eminem
92%
Nirvana
89.5%
Alanis Morissette
79.2%
Red Hot Chili Peppers
78.7%
Snoop Dogg
78.2%
Green Day
76.1%
U2
74.5%
Radiohead
69.9%
Pearl Jam
66.7%
Goo Goo Dolls
64.8%
Guns N' Roses
59.8%
Blink-182
57.5%
R.E.M
56.1%
Beck
54.2%
Smashing Pumpkins
51.3%
Oasis
45.6%
Soundgarden
42.9%
Weezer
40.7%
Blur
39%
Beastie Boys
38.8%
Counting Crows
38.5%
Notorious B.I.G., The
37.6%
Moby
36.4%
Kid Rock
35.7%
Sheryl Crow
35.1%
% Correct
Alice in Chains
34.4%
Jeff Buckley
32.9%
Verve, The
32.7%
Offspring, The
29.4%
Liz Phair
28%
Depeche Mode
27.9%
Hole
26.1%
Foo Fighters
24.2%
Neutral Milk Hotel
23.9%
Black Crowes, The
22.7%
Soul Asylum
20.4%
Sarah McLachlan
19.7%
Ice Cube
19.6%
Björk
18.6%
Pulp
17.1%
Rancid
16.7%
Pavement
16.1%
Wilco
15.9%
Flaming Lips, The
15.4%
Lucinda Williams
14.9%
Cracker
14.4%
Chemical Brothers, The
14.3%
Fountains of Wayne
9.6%
Social Distortion
9.4%
Whiskeytown
7.5%

You're not logged in!

Compare scores with friends on all Sporcle quizzes.
OR
Log In

You Might Also Like...

Show Comments

Extras

Top Quizzes Today


Score Distribution

Your Account Isn't Verified!

In order to create a playlist on Sporcle, you need to verify the email address you used during registration. Go to your Sporcle Settings to finish the process.

Report this User

Report this user for behavior that violates our Community Guidelines.

Details: